000 00890nas a2200289 4500
001 BR2013000686
003 BR-BrBNA
005 20231205121841.0
007 ta
008 230509b bl.|||p| |||| 00| 00por d
040 _aBR-BrBNA
_bpor
_cBiblioteca Nacional de Agricultura
041 _a(Pt)
072 _aQ70; U10
100 1 _aParaiso, P.R.
100 1 _aAndrade, C.M.G.
100 1 _aZemp, R.J.
245 1 _aDestilação da miscela 2: modelagem e simulação do stripping do hexano
650 _aÓLEO VEGETAL
650 _aSOJA
650 _aMODELO MATEMÁTICO
650 _aEXTRAÇÃO
650 _aRESÍDUO
773 0 _tCiencia e Tecnologia de Alimentos (Brazil)
_xISSN 1678-457X
_g(Jan-Mar 2005), v. 25(1) p. 37-44
_wBR2013000686
856 4 0 _uhttp://www.scielo.br/pdf/cta/v25n1/a06v25n1.pdf
909 _a202311
_bLúcia
_c55
_dLúcia Elande
942 _2AGRIS
_n0
_cANA
999 _c225568
_d225568